| 000 | 00806nam a2200217Ia 4500 | ||
|---|---|---|---|
| 003 | OSt | ||
| 005 | 20260122193226.0 | ||
| 007 | ca aa aaaaa | ||
| 008 | 201103s9999 xx 000 0 und d | ||
| 040 | _cSSBUL | ||
| 041 | _abur | ||
| 082 |
_a၉၅၉.၁ _bသန်း |
||
| 100 |
_a သန်းဆွေ၊ မောင် (ထားဝယ်) _917314 |
||
| 245 | 0 |
_aစကြာမင်းရှင်းတမ်း / _cမောင်သန်းဆွေ(ထားဝယ်)။ |
|
| 260 |
_aရန်ကုန် ၊ _bရွှေပြည်သာစာပေ၊ _c၂၀၁၂။ |
||
| 300 |
_a၁၄၈ စာမျက်နှာ ၊ _bဇယားများ ၊ _c၂၁ စင်တီ။ |
||
| 500 | _aS-SAT: Dr. Prof Sai Aung Tun | ||
| 942 | _cBK1 | ||
| 942 | _2ddc | ||
| 942 | _2ddc | ||
| 999 |
_c16690 _d16690 |
||